00317 a2200109 450000500170000002000180001708400180003510000260005324500850007926000330016430000100019720260105112746.0 a9781803286990 2CCaL:(M3)v  aGEVIRTZ (Karen Bloom) aApothecary's wife: The hidden history of Medicine and how it became a commodity. bHead of Zeus Ltd.c2024,aUK a328p.